Normal view
MARC view
Entry Personal Name
001 - CONTROL NUMBER
- control field: 503817
003 - CONTROL NUMBER IDENTIFIER
- control field: OSt
005 - DATE AND TIME OF LATEST TRANSACTION
- control field: 20220928142715.0
008 - FIXED-LENGTH DATA ELEMENTS
- fixed length control field: 220928|| aca||aabn | a|a d
040 ## - CATALOGING SOURCE
- Original cataloging agency: OSt
- Transcribing agency: OSt
100 ## - HEADING--PERSONAL NAME
- Personal name: Sharma Shivdutt
670 ## - SOURCE DATA FOUND
- Source citation: Work cat.: (OSt)822159: Sharma Shivdutt, Sufuratisapatshatee., 1982
